| 000 | 00914cam a22002775a 4500 | ||
|---|---|---|---|
| 001 | 010341184 | ||
| 005 | 20180321143224.0 | ||
| 008 | 030623t2001 maua fr 001 0 eng d | ||
| 020 | _a0321204174 | ||
| 020 | _a9780321204172 | ||
| 040 |
_aUk _cUk _beng _dEG-ScBUE |
||
| 082 | 0 | 4 |
_222 _a005.133 _bHAN |
| 100 | 1 |
_aHanly, Jeri R. _918083 |
|
| 245 | 1 | 0 |
_aC program design for engineers / _cJeri R. Hanly, Elliot B. Koffman. |
| 250 | _a2nd ed., International ed. | ||
| 260 |
_aBoston : _bAddison-Wesley, _cc.2001. |
||
| 300 |
_axviii, 679 p. : _bill. ; _c24 cm. |
||
| 500 | _aPrevious ed.: Jeri R. Hanly, Elliot B. Koffman, Joan C. Horvath, 1995. | ||
| 500 | _aIncludes index. | ||
| 650 | 7 |
_aC (Computer program language) _2BUEsh _93405 |
|
| 650 | 7 |
_aEngineering _xData processing. _2BUEsh |
|
| 651 | _2BUEsh | ||
| 653 |
_bCOMSCI _bGGEN _cMarch2018 |
||
| 700 | 1 | _aKoffman, Elliot B. | |
| 942 | _2ddc | ||
| 999 |
_c26386 _d26358 |
||